| 000 | 00547nam a2200169 u 4500 | ||
|---|---|---|---|
| 001 | 000326600 | ||
| 003 | AM-YeHGA | ||
| 005 | 20250617130650.0 | ||
| 008 | 040413s1853 ||| r 000 0 arm d | ||
| 040 | _aAM-YeHGA | ||
| 041 | 0 | _aarm | |
| 245 | 0 | 0 | _aԱկտ կամ տարեկան հանդէս Ներսիսեան հոգևոր դպրոցի հայոց Թիֆլիզոյ. |
| 260 |
_aԹիֆլիզ : _bՆերսիսեան դպրոց, _c1853. |
||
| 300 | _a48 էջ. | ||
| 653 | 0 | _aՆերսիսյան հայոց հոգևոր դպրոց | |
| 090 | _c123249 | ||
| 999 |
_c121896 _d121896 |
||